00437nam a2200169Ia 4500003000400000005001700004008004100021020001500062040000700077041000800084082002500092100004400117245004000161260003700201300001600238365001300254OSt20230511141112.0210423s1989 xx 000 0 und d a8181478150 cAL aeng a581.88028 223bSCHM aSCHULER (Mary A);ZIELINSKI (Raymond E). aMethods in plant molecular biology. aCaliforniabAcademic Pressc1989 axiv,171bPB b395cINR